000 00269nam a22001337a 4500
008 170529b xxu||||| |||| 00| 0 eng d
020 _a0911213244
041 _aeng
080 _a94
100 _a16
101 _aSHH
245 _aPANAMA
_cBARRY,T
942 _2udc
_cBK
999 _c14970
_d14970